Literature - European | 2 | 3 | 0 | 0 | 60 | 30 | 88.40 | 0 | 1 |
Literature - British | 1 | 3 | 0 | 0 | 45 | 53 | 102.00 | 0 | 0 |
Literature - American | 0 | 4 | 0 | 0 | 40 | 105 | 126.25 | 0 | 0 |
Literature - World and Miscellaneous | 0 | 3 | 0 | 0 | 30 | 85 | 107.00 | 0 | 0 |
Science - Biology | 0 | 3 | 0 | 0 | 30 | 108 | 115.67 | 0 | 0 |
History - Cross, Historiography, and Miscellaneous | 1 | 1 | 0 | 0 | 25 | 53 | 69.50 | 0 | 0 |
History - European | 0 | 2 | 0 | 0 | 20 | 72 | 80.00 | 0 | 0 |
History - World | 0 | 1 | 0 | 0 | 10 | 129 | 129.00 | 0 | 0 |
History - American | 0 | 1 | 0 | 0 | 10 | 70 | 70.00 | 0 | 0 |
Science - Engineering and Miscellaneous | 0 | 1 | 0 | 0 | 10 | 69 | 69.00 | 0 | 0 |
Geography - World | 0 | 1 | 0 | 0 | 10 | 131 | 131.00 | 0 | 0 |
Social Science - Psychology | 0 | 0 | 0 | 0 | 0 | | 0.00 | 0 | 0 |
Fine Arts - Music | 0 | 0 | 0 | 0 | 0 | | 0.00 | 0 | 0 |
Fine Arts - Painting | 0 | 0 | 0 | 0 | 0 | | 0.00 | 0 | 0 |
Science - Astronomy | 0 | 0 | 0 | 0 | 0 | | 0.00 | 0 | 0 |
Fine Arts - Jazz | 0 | 0 | 0 | 0 | 0 | | 0.00 | 0 | 0 |